<?xml version="1.0" encoding="UTF-8"?>
<record
    xmlns:xsi="http://www.w3.org/2001/XMLSchema-instance"
    xsi:schemaLocation="http://www.loc.gov/MARC21/slim http://www.loc.gov/standards/marcxml/schema/MARC21slim.xsd"
    xmlns="http://www.loc.gov/MARC21/slim">

  <leader>00197nam a2200085   4500</leader>
  <controlfield tag="001">1241699</controlfield>
  <controlfield tag="005">20251013123004.0</controlfield>
  <datafield tag="245" ind1=" " ind2=" ">
    <subfield code="a">AL&#x130;CE HAR&#x130;KALAR D&#x130;YARINDA</subfield>
    <subfield code="c">LEW&#x130;S CARROL</subfield>
  </datafield>
  <datafield tag="260" ind1=" " ind2=" ">
    <subfield code="b">&#x130;&#x15E; BANKASI</subfield>
  </datafield>
  <datafield tag="999" ind1=" " ind2=" ">
    <subfield code="c">1241699</subfield>
    <subfield code="d">1241699</subfield>
  </datafield>
  <datafield tag="952" ind1=" " ind2=" ">
    <subfield code="0">0</subfield>
    <subfield code="1">0</subfield>
    <subfield code="2">ddc</subfield>
    <subfield code="4">0</subfield>
    <subfield code="7">0</subfield>
    <subfield code="a">1039</subfield>
    <subfield code="b">1039</subfield>
    <subfield code="d">2025-10-13</subfield>
    <subfield code="l">0</subfield>
    <subfield code="o">GD</subfield>
    <subfield code="p">10396132</subfield>
    <subfield code="r">2025-10-13 12:30:12</subfield>
    <subfield code="w">2025-10-13</subfield>
    <subfield code="y">BK</subfield>
  </datafield>
</record>
